| 000 | 00554nam a2200193Ia 4500 | ||
|---|---|---|---|
| 003 | OSt | ||
| 005 | 20250205121103.0 | ||
| 008 | 210210b1970 xxu||||| |||| 00| 0 eng d | ||
| 040 | _cAL | ||
| 041 | _aKannada | ||
| 082 | _aK894.3 NADC | ||
| 100 |
_aNADIGERA KRASHNARAYA. _dನಾಡಿಗೇರ ಕೃಷ್ಣರಾಯ _9197806 |
||
| 245 |
_aCittarada gombe. _bಚಿತ್ತಾರದ ಗೊಂಬೆ |
||
| 260 |
_aBengaluru _bPragati Prakatanalaya _c1970 |
||
| 300 | _a172 | ||
| 690 |
_aKannada Fiction _9197807 |
||
| 906 | _a027811 | ||
| 942 |
_2ddc _cBK |
||
| 999 |
_c79085 _d79085 |
||